000 01703cam a2200289zu 4500
001 88950674
003 FRCYB88950674
005 20251020123125.0
006 m o d
007 cr un
008 251020s2020 fr | o|||||0|0|||fre d
020 _a9782200626853
035 _aFRCYB88950674
040 _aFR-PaCSA
_bfr
_c
_erda
100 1 _aPedinielli, Jean-Louis
245 0 1 _aL'observation clinique et l'étude de cas
_c['Pedinielli, Jean-Louis', 'Fernandez, Lydia']
264 1 _bArmand Colin
_c2020
300 _a p.
336 _btxt
_2rdacontent
337 _bc
_2rdamdedia
338 _bc
_2rdacarrier
650 0 _a
700 0 _aPedinielli, Jean-Louis
700 0 _aFernandez, Lydia
856 4 0 _2Cyberlibris
_uhttps://international.scholarvox.com/netsen/book/88950674
_qtext/html
_a
520 _aLa clinique se fonde sur l’observation fine des individus et des situations et sur la retranscription de leur histoire sous la forme d’« études de cas ». Ces deux pratiques ne vont nullement de soi, et le but de cet ouvrage, réactualisé dans cette 4e édition, est de donner au clinicien et futur clinicien les fondements de leur pleine maîtrise.Quels sont les principes épistémologiques, cliniques et éthiques à respecter ? Comment s’accorder avec les grands déterminants (référence à l’histoire singulière, primat du sens, approche de la subjectivité, transfert et contre-transfert…) ? Comment appréhender le cas, à la fois dans sa spécificité et dans son caractère paradigmatique lorsqu’il illustre une théorie ou révèle un fait ? Comment intégrer les données recueillies en respectant le temps du sujet ?   
999 _c1553125
_d1553125